000 00929nas a2200301 4500
001 BR9801638
003 BR-BrBNA
005 20231205100940.0
007 ta
008 230509b bl.|||p| |||| 00| 00por d
040 _aBR-BrBNA
_bpor
_cBiblioteca Nacional de Agricultura
041 _a(Pt)
072 _aL51
100 1 _aValadares, R.F.D.
100 1 _aGoncalves, L.C.
100 1 _aRodriguez, N.M.
100 1 _aSampaio, I.B.
100 1 _aValadares Filho, S. de C.
100 1 _aQueiroz, A.C. de
245 1 _aNiveis de proteina em dietas de bovinos; 1: consumo e digestibilidades aparentes totais e parciais
650 _aBovino
650 _aDieta
650 _aDigestibilidade Aparente
650 _aProteina
773 0 _tRevista Brasileira de Zootecnia (Brazil)
_xISSN 0100-4859
_g(Nov-Dec 1997), v. 26(6) p. 1252-1258
_wBR9801638
909 _a202311
_bLúcia
_c55
_dLúcia Elande
942 _2AGRIS
_n0
_cANA
999 _c158960
_d158960